Statistics for All XFL Teams

Click here to take the quiz!

General Stats

  • This quiz has been taken 96 times
    (93 since last reset)
  • The average score is 7 of 16

Answer Stats

West Division% Correct
Houston Roughnecks
70%
DC Defenders
65%
Tampa Bay Vipers
65%
St. Louis Battlehawks
57%
Dallas Renegades
55%
Seattle Dragons
55%
New York Guardians
52%
Los Angeles Wildcats
45%
New Jersey Hitmen
38%
Las Vegas Outlaws
35%
Los Angeles Xtreme
35%
Memphis Maniax
34%
Chicago Enforcers
31%
Orlando Rage
31%
San Francisco Demons
27%
Birmingham Thunderbolts
25%

Score Distribution

Percentile by Number Answered

Percent of People with Each Score

Your Score History

You have not taken this quiz since the last reset